ប្រៀប ធៀបលក្ខណៈរូបសាស្រ្តុុ,ជីវសាស្រ្ត របស់ស្រូវ IR 66 , IR 72 និងKRU ក្នុងល័ក្ខខ័ណ្ឌដូចគ្នា(ចំការដូង) (Record no. 21)
[ view plain ]
| 000 -LEADER | |
|---|---|
| fixed length control field | 00613nam a22001457a 4500 |
| 003 - CONTROL NUMBER IDENTIFIER | |
| control field | OSt |
| 005 - DATE AND TIME OF LATEST TRANSACTION | |
| control field | 20150905115212.0 |
| 008 - FIXED-LENGTH DATA ELEMENTS--GENERAL INFORMATION | |
| fixed length control field | 150905b xxu||||| |||| 00| 0 eng d |
| 040 ## - CATALOGING SOURCE | |
| Transcribing agency | RUA |
| 082 ## - DEWEY DECIMAL CLASSIFICATION NUMBER | |
| Classification number | AGR ខៀវ 1992 B003 Or.1 |
| 100 ## - MAIN ENTRY--PERSONAL NAME | |
| 9 (RLIN) | 21 |
| Personal name | ខៀវ ប៊ុណ្ណារិទ្ធ |
| 245 ## - TITLE STATEMENT | |
| Title | ប្រៀប ធៀបលក្ខណៈរូបសាស្រ្តុុ,ជីវសាស្រ្ត របស់ស្រូវ IR 66 , IR 72 និងKRU ក្នុងល័ក្ខខ័ណ្ឌដូចគ្នា(ចំការដូង) |
| 300 ## - PHYSICAL DESCRIPTION | |
| Extent | 90p. |
| Other physical details | ill. |
| Dimensions | 29cm. |
| 942 ## - ADDED ENTRY ELEMENTS (KOHA) | |
| Source of classification or shelving scheme | |
| Koha item type | AGR |
| Price effective from | Date last seen | Permanent Location | Not for loan | Date acquired | Source of classification or shelving scheme | Koha item type | Lost status | Withdrawn status | Total Renewals | Date last checked out | Total Checkouts | Shelving location | Damaged status | Barcode | Current Location | Full call number |
|---|---|---|---|---|---|---|---|---|---|---|---|---|---|---|---|---|
| 2015-09-05 | 2016-07-08 | Library Block B | 2015-09-05 | AGR | 2016-06-24 | 1 | B003 | RUA004669 | Library Block B | AGR ខៀវ 1992 B003 Or.1 | ||||||
| 2015-09-05 | 2015-09-05 | Library Block B | 2015-09-05 | AGR | B003 | RUA004678 | Library Block B | AGR ខៀវ 1992 B003 Or.2 | ||||||||
| 2015-09-05 | 2015-09-05 | Library Block B | 2015-09-05 | AGR | B003 | RUA004750 | Library Block B | AGR ខៀវ 1992 B003 Or.3 | ||||||||
| 2015-09-05 | 2016-10-21 | Library Block B | 2015-09-05 | AGR | 1 | 2016-09-21 | 1 | B003 | RUA004807 | Library Block B | AGR ខៀវ 1992 B003 Or.4 | |||||
| 2015-09-05 | 2015-09-05 | Library Block B | 2015-09-05 | AGR | B003 | RUA004749 | Library Block B | AGR ខៀវ 1992 B003 Or.5 | ||||||||
| 2015-09-05 | 2015-09-05 | Library Block B | 2015-09-05 | AGR | B003 | RUA004677 | Library Block B | AGR ខៀវ 1992 B003 Or.6 |